| 000 | 00746cam a22002653a 4500 | ||
|---|---|---|---|
| 001 | 32413 | ||
| 003 | PGUSA | ||
| 005 | 20140828083713.0 | ||
| 008 | 100518s2010||||xxu|||||s|||||000 1 eng d | ||
| 040 |
_aPGUSA _beng |
||
| 042 | _adc | ||
| 050 | 4 | _aPS | |
| 100 | 1 |
_aGold, H. L. _q(Horace Leonard), _d1914-1996 |
|
| 245 | 1 | 0 |
_aAt the Post _h[electronic resource] / _cH. L. Gold |
| 260 |
_bProject Gutenberg, _c2010 |
||
| 506 | _aPublic domain in the USA. | ||
| 516 | _aElectronic text | ||
| 653 | _aMarried people -- Fiction | ||
| 653 | _aScience fiction | ||
| 653 | _aPsychiatric hospital patients -- Fiction | ||
| 700 | 1 | _aVidmer | |
| 830 | 0 |
_aProject Gutenberg _v32413 |
|
| 856 | 4 | 0 | _uhttp://www.gutenberg.org/ebooks/32413 |
| 942 | _cEB | ||
| 999 |
_c261668 _d261668 |
||